000 00423nam a22001577a 4500
005 20241008101311.0
008 241008b |||||||| |||| 00| 0 eng d
082 _a338.9
_bHAM-E
100 _aHamid, Shahid.A
245 _aEconomic Planning w.r.t Pakistan/
_cA. Hamid Shahid
260 _aLahore;
_bIlmi Kutab Khana;
_c2004.
300 _avii, 647 p.;
_bill.;
_c22.5 cm
650 _aEconomics
999 _c36658
_d36658